Statistics for NXT champions

Click here to take the quiz!

General Stats

  • This quiz has been taken 4 times
  • The average score is 9 of 15

Answer Stats

Answer% Correct
2big e
100%
4adrian neville
75%
3bo dallas
75%
6kevin owens
75%
5sami zayn
75%
1seth rollins
75%
13Aleister Black
50%
12Andrade
50%
10Bobby Roode
50%
11Drew McIntyre
50%
7finn balor
50%
15Johnny Gargano
50%
8samoa joe
50%
9Shinsuke Nakamura
50%
14Tommaso Ciampa
50%

Score Distribution

Percentile by Number Answered

Percent of People with Each Score

Your Score History

You have not taken this quiz